000 01028nam a2200277 i 4500
003 EG-GICUC
005 20260418093359.0
008 260418s1949 ua |||fr|||| 00| 0 ara d
040 _a EG-GICUC
_bara
_c EG-GICUC
_d EG-GICUC
_erda
082 0 4 _221
_a343.163312
_bع ل . م
092 0 4 _221
099 _aLaw1 10 343.163312 ع ل . م 1949
100 1 _aعلي أحمد راشد
_eمؤلف.
245 1 0 _aموجز في العقوبات ومظاهر تفريد العقاب /
_cتأليف الدكتور علي أحمد راشد.
264 1 _aالقاهرة :
_bمطبعة لجنة التأليف والترجمة والنشر،
_c1949.
300 _a198 ؛ صفحة
_c24 سم
336 _2rda content
_atext
337 _2rda media
_aComputer
338 _2rda carrier
_aOnline Resource
546 _aالنص باللغة العربية
650 1 4 _aتفريد العقاب
_2qrmak
651 1 _2qrmak
856 4 0 _uhttps://fll.law.cu.edu.eg/fulltext/bks/B10-03509.pdf
905 _a161
942 _2ddc
_cBK
_e21
_n0
999 _c71601
_d71601